| 000 | 00532nam a22001577a 4500 | ||
|---|---|---|---|
| 999 |
_c1994 _d1994 |
||
| 008 | 200210b ||||| |||| 00| 0 eng d | ||
| 020 | _a0750626909 | ||
| 100 |
_91600 _aCockroft, A. N. |
||
| 245 | 1 | 0 |
_aA guide to the collision avoidance rules: international regulations for preventing collisions at sea _cby A. N. Cockroft and J. N. F. Lameijer |
| 250 | _a5th ed. | ||
| 260 |
_aOxford _bButterworths-Heinemann _c2001 |
||
| 300 | _axvi,249p. | ||
| 650 | 0 | _aShips--Safety regulations | |
| 700 |
_91601 _aLameijer, J.N.F. |
||
| 942 | _cBK | ||